00618nam a2200181Ia 4500008004100000041000800041082001700049100002200066245005100088260003700139300000900176500002100185650002400206700002200230906000700252999001700259952016000276230125s9999 xx 000 0 und d aeng a005.133bBAY aBayross I9106208 aSQL,PL/SQL :The Programming Language of Oracle c2005bBPB publicationaNew Delhi a443p aSQL;Oracle;PLSQL aComputer Management aBayross I9106208 b54 c89835d89835 02104070aHIMRbHIMRd2006-02-06eGoels Computer Hutg360.00i1162o005.133 BAY B04930pHIMR-BK-4930r2023-01-25 00:00:00v306.00w2006-02-02yBKzB04930